00365nam a2200133 a 450000500170000000800410001702000180005805000180007624500240009426000390011844000150015750000260017265000330019820140412111409.0070718s19uu xx 00 eng d a1-84332-017-7 aERbKi65 2003 aKitten and friends. aLondon :bSt. Martin Press,c2003. aHappy baby a"Touch, feel and say" aKittens -Juvenile Literature